000 01911cam a2200529 4500
001 J2346
008 090401t1994 xxu||||| |||| 00| 0 eng d
035 _a(Sirsi) u48548
041 _aeng
050 _a526.9
110 _aFederation International Des Geometres
245 _a... XX congress ... Melbourne, Australia, March 5-12 1994 ... commission 7 ... cadastre and rural land management ...
260 _bFIG
_c1994
300 _aca.620p. : ill. ; 21cm.
350 _a0
520 _aPapers include:- The development of a framework to study the linkages between the environment and rural land management/ HOPFER, A., NICHOLS, S. , MUNRO-FAURE, P. & SONNENBERG, J. - Decision-making in rural land management: does the market recognise envrionmental value?/ MARTIN, D. & MUNRO-FAURE, P. - The planning and management of coastal marine resources/ MUNRO-FAURE, P. & DUMASHIE, D. - GATT, CAP and the National Trust: the effect of changing agricultural policies on the management of heritage landscapes/ YOUNG, J. - Land consolidation: the international dimension/ BULLARD, R.K.
650 _aARGENTINA
650 _aAUSTRALIA
650 _aBULGARIA
650 _aCADASTRAL SURVEYING
650 _aCOASTAL MANAGEMENT
650 _aCONFERENCES
650 _aDENMARK
650 _aENVIRONMENTAL VALUES
650 _aFRANCE
650 _aGERMANY
650 _aHERITAGE LANDSCAPES
650 _aJAPAN
650 _aKOREA
650 _aKUKAKU-SEIRI
650 _aLAND MANAGEMENT
650 _aLATVIA
650 _aMARINE RESOURCES MANAGEMENT
650 _aNATIONAL TRUST
650 _aNETHERLANDS
650 _aNEW ZEALAND
650 _aPOLAND
650 _aRURAL AREAS
650 _aSURVEYORS
650 _aSWITZERLAND
650 _aTURKEY
650 _aVIETNAM
650 _aYUGOSLAVIA
690 _aLAND SURVEYING
942 _n0
948 _c04/03/1997
999 _c92362
_d92362